000 00600nam a22001817a 4500
005 20251108172426.0
008 250721s9999 xx 000 0 ara d
082 1 4 _a956.9303/خلي
100 1 _aخليفه، مي محمد
245 1 0 _aمحمد بن خليفه 1813-1890م: الأسطورة والتاريخ الموازي /
250 _aط2
264 1 _aبيروت :
_bالمؤسسة العربية للدراسات والنشر،
300 _a1000ص
650 1 7 _aتاريخ البحرين
650 1 7 _aعهد محمد بن خليفه 1923-1861
942 _2ddc
_cBK
999 _c78990
_d78990